000
00287nam a2200121Ia 4500
005
20251222141858.0
008
251222s9999||||xx |||||||||||||| ||spa||
082
_a
709.04/C75
100
_a
Warhol a Cabrita Reis
245
0
_a
Colección MMKSLW
264
_b
Xunta de Galicia
942
_c
LIB
999
_c
7978
_d
7978